Injusto colectivo con especial referencia a la responsabilidad penal por organización /

Αποθηκεύτηκε σε:
Λεπτομέρειες βιβλιογραφικής εγγραφής
Κύριος συγγραφέας: Burgueño Duarte, Luz Berthila (autora.)
Μορφή: Ηλ. βιβλίο
Γλώσσα:Ισπανικά
Έκδοση: Ciudad de México : Instituto de Investigaciones Jurídicas - UNAM, 2009.
Σειρά:Doctrina Jurídica ; 506.
Θέματα:
Διαθέσιμο Online:https://elibro.unach.elogim.com/es/lc/unach/titulos/273704
Ετικέτες: Προσθήκη ετικέτας
Δεν υπάρχουν, Καταχωρήστε ετικέτα πρώτοι!

MARC

LEADER 00000nam a2200000 i 4500
001 ELB273704
003 FINmELB
005 20241022160015.0
006 m o d |
007 cr cnu||||||||
008 240929s2009 mx ob 001 0 spa d
020 |a 9786070208027  |q (e-book) 
035 |a (OCoLC)1463444115 
040 |a FINmELB  |b spa  |e rda  |c FINmELB 
050 4 |a KGF5419  |b B957 2009 
080 |a 343.2(720) 
082 0 4 |a 345.72  |2 23 
100 1 |a Burgueño Duarte, Luz Berthila,  |e autora. 
245 1 0 |a Injusto colectivo con especial referencia a la responsabilidad penal por organización /  |c Luz Berthila Burgueño Duarte. 
264 1 |a Ciudad de México :  |b Instituto de Investigaciones Jurídicas - UNAM,  |c 2009. 
300 |a 1 recurso en línea (189 páginas) 
336 |a texto  |b txt  |2 rdacontent/spa 
337 |a computadora  |b c  |2 rdamedia/spa 
338 |a recurso en línea  |b cr  |2 rdacarrier/spa 
490 1 |a Doctrina Jurídica ;  |v 506 
500 |a Incluye índice. 
504 |a Incluye bibliografía. 
588 |a Descripción basada en metadatos suministrados por el editor y otras fuentes. 
590 |a Recurso electrónico. Santa Fe, Arg.: elibro, 2024. Disponible vía World Wide Web. El acceso puede estar limitado para las bibliotecas afiliadas a elibro. 
650 4 |a Derecho penal  |x México. 
655 4 |a Libros electrónicos. 
797 2 |a elibro, Corp. 
830 0 |a Doctrina Jurídica ;  |v 506. 
856 4 0 |u https://elibro.unach.elogim.com/es/lc/unach/titulos/273704